01900nam a2200241Ia 4500001000600000003000900006008004100015040001300056040001300069041001200082100002300094100002900117245008000146245008000226250001100306260001400317260001700331260004900348300004100397500115400438650003501592650003101627D1833IT-RoPAU130308s9999 xx 000 0 und d aIT-RoPAU cIT-RoPAU aINGLESE aMulgan Geoffrey J. gCodice Aut. SPICS: 17270 aCommunication and Control - Networks and the New Economies of Communication bCommunication And control - Networks And The New Economies Of Communication a1a ed. aCAMBRIDGE bPolity Press c1991 [1° Ed.:1991 - Ed.Ling.Originale:1991] a"308 p. (prefazione: 6; testo: 302)" aReti e Società Postindustriali: Controllo Economico, idea del Network, Trasparenza e Controllo Remoto, reti Sociali ed Economiche, misura e Controllo, misura e Cooperazione, reti Come Mercati. Dinamica delle reti Elettroniche: strategie Generiche, politiche di Cambio, integrazione e Standard. Comunicazione e Limiti di Controllo: Concetti di Controllo, costo di Controllo,Mani Visibili e Invisibili, Cultura e Interattività, Lavoro in Casa, Controlli Statali e Trasmissioni Trasparenti. Economie di Controllo. Tecnologiedella Rete: Linguaggi Digitali, Switching. Limiti del flusso libero dell'Informazione: Prodotti, computers e Censura, Proprietà Intellettuale, pirateria e Controllo. Limiti del Controllo Dello Stato e Deregolazione. Valori Comunicativi: Informazione e Valore, Limiti di Comunicazione, Valore e Produttività. Standardizzazione e Flessibilità. spettro Elettromagnetico e Allegati Elettronici. Networks Corporativi Transnazionali: Evoluzione dei Networks privati e Crisi di quelli Pubblici. Ripensamento del Controllo Pubblico: Principi del Servizio Pubblico e Sue Contraddizioni. Glossario di Acronimi e termini Tecnici. aSAGGI DI COMUNICAZIONE SOCIALE eCodice materia Spics: 3807